Statistics for NRL Grand Final Winners

Click here to take the quiz!

General Stats

  • This quiz has been taken 77 times
  • The average score is 27 of 37

Answer Stats

Year Answer % Correct
2015North Queensland Cowboys
98%
2014South Sydney Rabbitohs
92%
2012Melbourne Storm
87%
2011Manly-Warringah Sea Eagles
87%
2009 (Stripped)Melbourne Storm
87%
2007 (Stripped)Melbourne Storm
87%
2013Sydney Roosters
85%
2006Brisbane Broncos
85%
2010St George Illawarra Dragons
83%
2008Manly-Warringah Sea Eagles
83%
2005West Tigers
81%
2004Canterbury Bulldogs
81%
2003Penrith Panthers
81%
2002Sydney Roosters
79%
2001Newcastle Knights
77%
2000Brisbane Broncos
77%
1997 (SL)Brisbane Broncos
74%
1999Melbourne Storm
74%
1998Brisbane Broncos
72%
1997Newcastle Knights
72%
1989Canberra Raiders
68%
1993Brisbane Broncos
64%
1992Brisbane Broncos
64%
1988Canterbury Bulldogs
64%
1994Canberra Raiders
62%
1990Canberra Raiders
62%
1996Manly-Warringah Sea Eagles
62%
1986Parramatta Eels
62%
1983Parramatta Eels
62%
1982Parramatta Eels
62%
1981Parramatta Eels
62%
1985Canterbury Bulldogs
60%
1984Canterbury Bulldogs
60%
1995Canterbury Bulldogs
58%
1987Manly-Warringah Sea Eagles
58%
1980Canterbury Bulldogs
58%
1991Penrith Panthers
57%

Score Distribution

Percentile by Number Answered

Percent of People with Each Score

Your Score History

You have not taken this quiz